Environmental Science in a Changing World (Record no. 14405)

000 -LEADER
fixed length control field 00353nam a2200145 4500
003 - CONTROL NUMBER IDENTIFIER
control field OSt
005 - DATE AND TIME OF LATEST TRANSACTION
control field 20260303094005.0
008 - FIXED-LENGTH DATA ELEMENTS--GENERAL INFORMATION
fixed length control field 260303b ||||| |||| 00| 0 eng d
020 ## - INTERNATIONAL STANDARD BOOK NUMBER
International Standard Book Number 9781641162753
082 ## - DEWEY DECIMAL CLASSIFICATION NUMBER
Classification number 363.7
100 ## - MAIN ENTRY--PERSONAL NAME
Personal name Paige Tucker
245 ## - TITLE STATEMENT
Title Environmental Science in a Changing World
260 ## - PUBLICATION, DISTRIBUTION, ETC. (IMPRINT)
Name of publisher, distributor, etc CALLISTO REFERENCE
Date of publication, distribution, etc 2020
942 ## - ADDED ENTRY ELEMENTS (KOHA)
Source of classification or shelving scheme
Holdings
Withdrawn status Lost status Source of classification or shelving scheme Damaged status Koha normalized classification for sorting Not for loan Permanent location Current location Date acquired Full call number Barcode Date last seen Price effective from Koha item type
        363_700000000000000   BMS College of Architecture, Design and Planning BMS College of Architecture, Design and Planning 2026-03-03 363.7 AR-RD295 2026-03-03 2026-03-03 R&D Books
Copyright © 2025, The Librarian, Library and Information Centre, BMSCA D&P, Bengaluru. All Rights Reserved
web counter

Powered by Koha